000 00246 a2200085 4500
020 _a9781848222830
100 _aGavin Parker, Kat Salter and Matthew Wargent
245 _aNeighbourhood Planning in Practice
260 _bLund Humphries Publishers,
_c2019
999 _c13200
_d13200